000 00519 a2200169 4500
005 20250527093234.0
020 _a0-13-145757-8
082 _a658.8 KOT
100 _aKOTLER, P.
245 _aMarketing Management
250 _a12th Ed.
260 _aNew York,
_bPrentice Hall,
_c2006.
300 _axxxix, 729p.: ill.; figure, picture, table.
_bBibliographical references, glossary, index.
_c29cm.
700 _aKELLER, K. L.
856 _yAccess online book
_fMarketing Management
_dwww.prenhall.com
942 _2ddc
_cBKS
999 _c2712
_d2712